[Event "Portugal op"]
[Site "Oeiras"]
[Date "2015.08.30"]
[Round "1"]
[White "Jorge, Rita Maria Osorio"]
[Black "Abreu, Alexandre Ribeiro"]
[Result "1-0"]
[WhiteElo "1791"]
[BlackElo "1342"]
[PlyCount "99"]
[EventDate "2015.08.30"]
[EventType "swiss"]
[EventRounds "9"]
[EventCountry "POR"]
[SourceTitle "EXT 2016"]
[Source "ChessBase"]
[SourceDate "2015.10.08"]
[SourceVersion "1"]
[SourceVersionDate "2015.10.08"]
[SourceQuality "1"]

1. e4 e6 2. d4 d5 3. Nd2 Nf6 4. e5 Nfd7 5. Bd3 c5 6. c3 Nc6 7. Ne2 cxd4 8. cxd4 f6 9. exf6 Nxf6 10. 0-0 Bd6 11. Nf3 0-0 12. Bg5 Qc7 13. Ng3 Qb6 14. Bxf6 Rxf6 15. Qd2 Bf4 16. Qc3 Bd7 17. Nh5 Rff8 18. Nxf4 Rxf4 19. Rad1 Raf8 20. Bb1 e5 21. dxe5 d4 22. Qc2 Bf5 23. Qc4+ Kh8 24. Bxf5 R8xf5 25. Rd2 Qb4 26. Qxb4 Nxb4 27. Rc1 Rf8 28. Rxd4 Rxd4 29. Nxd4 Nxa2 30. Rc7 h6 31. Rxb7 Rd8 32. f4 Rxd4 33. e6 Rd8 34. f5 Nc1 35. Kf1 Nd3 36. Rd7 Rf8 37. Rxd3 Rxf5+ 38. Ke2 Re5+ 39. Re3 Rxe3+ 40. Kxe3 Kg8 41. Ke4 Kf8 42. Ke5 Ke7 43. b4 a6 44. Kd5 g6 45. Kc6 Kxe6 46. Kb6 Kd6 47. Kxa6 Kc7 48. b5 Kb8 49. Kb6 g5 50. g4 1-0

[Event "Lisbon Christmas op"]
[Site "Lisbon"]
[Date "2014.12.27"]
[Round "2"]
[White "Abreu, Alexandre Ribeiro"]
[Black "Branco, Joana Catarina Cost"]
[Result "0-1"]
[WhiteElo "1167"]
[BlackElo "1487"]
[PlyCount "52"]
[EventDate "2014.12.26"]
[EventType "swiss"]
[EventRounds "9"]
[EventCountry "POR"]
[SourceTitle "EXT 2018"]
[Source "ChessBase"]
[SourceDate "2017.10.13"]
[SourceVersion "1"]
[SourceVersionDate "2017.10.13"]
[SourceQuality "1"]

1. e4 c5 2. Nc3 Nc6 3. f4 d6 4. Nf3 Nf6 5. d3 g6 6. Ne2 Bg7 7. Ng3 e6 8. Be2 0-0 9. 0-0 b5 10. d4 a6 11. dxc5 dxc5 12. Be3 Qe7 13. c4 Rd8 14. Qc2 b4 15. h3 e5 16. Rad1 Nd4 17. Qc1 Nxe4 18. Nxd4 exd4 19. Nxe4 dxe3 20. Rxd8+ Qxd8 21. Kh1 Bd4 22. Rd1 Qh4 23. Bf3 Bxh3 24. Ng5 Bg4+ 25. Nh3 Bxf3 26. Re1 Qxh3+ 0-1